Jon Bois "Pretty Good" Episodes - Statistics

General Stats
  • This quiz has been taken 12 times
  • The average score is 5 of 13
Answer Stats
Episode Answer % Correct
1 Koo Dae-Sung
73%
3 Lonnie Smith
64%
2 Larry Walters has a flying lawn chair and a BB gun
55%
5 NO!!!!!!
55%
7 I Wish Everyone Else Was Dead
45%
13 Randall Cunningham Seizes the Means of Production
45%
9 Rat poison and brandy: The 1904 Olympic marathon
45%
6 The Dumbest Boy Alive
45%
10 222-0
36%
11 Baron Davis from 89 feet
27%
8 (deleted but re-uploaded elsewhere) WHY DO I CHOOSE THIS FOR A LIVING?
27%
12 Troy State 253, Devry 141
18%
4 (lost episode) The night a Soviet officer saved all our asses
9%
No matching quizzes found
Score Distribution
Percent of People with Each Score
Percentile by Number Answered
Your Score History
You have not taken this quiz